Blow Fly : (Record no. 6732)
[ view plain ]
| 000 -LEADER | |
|---|---|
| fixed length control field | 00746nam a2200205 4500 |
| 001 - CONTROL NUMBER | |
| control field | 7845 |
| 005 - DATE AND TIME OF LATEST TRANSACTION | |
| control field | 20230411135935.0 |
| 008 - FIXED-LENGTH DATA ELEMENTS--GENERAL INFORMATION | |
| fixed length control field | 230411b |||||||| |||| 00| 0 eng d |
| 020 00 - INTERNATIONAL STANDARD BOOK NUMBER | |
| International Standard Book Number | 9780751530742 |
| 100 00 - MAIN ENTRY--PERSONAL NAME | |
| Personal name | Cornwell, Patricia. |
| 245 00 - TITLE STATEMENT | |
| Title | Blow Fly : |
| Remainder of title | the new Scarpetta novel / |
| Statement of responsibility, etc. | Patricia Cornwell |
| 260 00 - PUBLICATION, DISTRIBUTION, ETC. | |
| Place of publication, distribution, etc. | London : |
| Name of publisher, distributor, etc. | Time Warner, |
| Date of publication, distribution, etc. | 2004. |
| 300 00 - PHYSICAL DESCRIPTION | |
| Extent | 526 p. ; 18cm. |
| 500 00 - GENERAL NOTE | |
| General note | Originally published: London: Little, Brown, 2003. |
| 520 ## - SUMMARY, ETC. | |
| Summary, etc. | In this new Kay Scarpetta paperback, she is presented with her most challenging case yet - and the biggest shock of her life. |
| 650 00 - SUBJECT ADDED ENTRY--TOPICAL TERM | |
| Topical term or geographic name entry element | Scarpetta, Kay (Fictitious character) Fiction. |
| Topical term or geographic name entry element | Women pathologists Fiction. |
| 942 ## - ADDED ENTRY ELEMENTS (KOHA) | |
| Source of classification or shelving scheme | Dewey Decimal Classification |
| Koha item type | Fiction |
| Withdrawn status | Lost status | Source of classification or shelving scheme | Damaged status | Not for loan | Collection code | Home library | Current library | Shelving location | Date acquired | Serial Enumeration / chronology | Inventory number | Total Checkouts | Total Renewals | Full call number | Barcode | Date last seen | Date last checked out | Price effective from | Koha item type |
|---|---|---|---|---|---|---|---|---|---|---|---|---|---|---|---|---|---|---|---|
| Dewey Decimal Classification | Fiction | RTC Library | RTC Library | Fiction | 07/04/2022 | 11836 | 1 | 5 | FIC 813.54 COR | 30012159 | 11/12/2023 | 11/04/2023 | 27/11/2018 | Fiction |